[Event "Reykjavik op"]
[Site "Reykjavik ISL"]
[Date "2022.04.10"]
[Round "7.10"]
[White "Maze, Sebastien"]
[Black "Cummings, David"]
[Result "1/2-1/2"]
[WhiteElo "2524"]
[BlackElo "2321"]
[PlyCount "131"]
[GameId "2129404724666769"]
[EventDate "2022.04.06"]
[EventType "tourn"]
[EventRounds "9"]
[EventCountry "ISL"]
[SourceTitle "10 Days #684"]
[Source "ChessMix"]
[SourceDate "2022.04.20"]
[SourceVersion "1"]
[SourceVersionDate "2022.04.20"]
[SourceQuality "1"]

{[%evp 0,66,19,18,66,61,47,5,5,11,16,17,7,-19,-14,-24,4,0,20,11,39,33,51,55,55,44,29,22,31,30,24,33,33,-48,-58,-93,-93,-123,-131,-144,-1,0,31,6,0,0,0,5,17,12,27,14,16,18,18,10,0,3,0,0,0,-3,-14,-15,-4,-19,0,-14,0]} 1. e4 c6 2. Nf3 d5 3. d3 dxe4 4. dxe4 Qxd1+ 5. Kxd1 Nf6 6. Nbd2 Nbd7 7. Ne1 h5 8. f3 g5 9. Nd3 Bh6 10. b3 b6 11. Bb2 Bb7 12. e5 Nd5 13. e6 N7f6 14. exf7+ Kxf7 15. Ne5+ Kg7 16. c4 Ne3+ 17. Ke2 g4 18. g3 c5 19. Rg1 Rhd8 20. f4 Nc2 21. Rc1 Nd4+ 22. Kf2 Nc6 23. Nb1 Nxe5 24. Bxe5 Kf7 25. Bg2 Bxg2 26. Kxg2 Rd3 27. Rcd1 Rad8 28. Rxd3 Rxd3 29. Re1 Nd7 30. Bb2 Nb8 31. Kf2 Nc6 32. Ke2 Rd6 33. Rh1 Bg7 34. Bxg7 Kxg7 35. h3 Nd4+ 36. Kf2 gxh3 37. Rxh3 Kg6 38. Rh1 Nf5 39. Rg1 Rd3 40. g4 hxg4 41. Rxg4+ Kf6 42. Rg8 Rd1 43. Nc3 Rd2+ 44. Ke1 Rc2 45. Nd5+ Kf7 46. Ra8 Rxa2 47. Nxb6 Nd4 48. Nc8 Nxb3 49. Rxa7 Rxa7 50. Nxa7 Na5 51. Nb5 Nxc4 52. Nc7 Nb6 53. Ke2 Kf6 54. Ke3 Kf5 55. Kf3 e6 56. Nb5 Nc4 57. Nc3 Nd6 58. Nd1 Nc4 59. Nc3 Nb6 60. Ne4 c4 61. Nd6+ Kf6 62. Ne4+ Kg6 63. Ke3 Na4 64. Ng3 c3 65. Kd3 Kf6 66. Ke4 1/2-1/2

[Event "Reykjavik op"]
[Site "Reykjavik ISL"]
[Date "2019.04.09"]
[Round "2.13"]
[White "Cummings, David"]
[Black "Christiansen, Johan Sebastian"]
[Result "0-1"]
[WhiteElo "2338"]
[BlackElo "2571"]
[PlyCount "78"]
[GameId "2130307610313414"]
[EventDate "2019.04.08"]
[EventType "swiss"]
[EventRounds "9"]
[EventCountry "ISL"]
[SourceTitle "The Week in Chess 1275"]
[Source "Mark Crowther"]
[SourceDate "2019.04.15"]
[SourceVersion "3"]
[SourceVersionDate "2019.04.16"]
[SourceQuality "2"]

1. c4 e5 2. Nc3 Nc6 3. Nf3 Nf6 4. e4 Bb4 5. d3 O-O 6. a3 Bxc3+ 7. bxc3 d6 8. g3 a6 9. Rb1 Na5 10. Bg2 Bd7 11. O-O b5 12. cxb5 axb5 13. Nh4 h6 14. Nf5 d5 15. g4 dxe4 16. dxe4 Nc4 17. g5 hxg5 18. Bxg5 Ra6 19. Qe2 Re8 20. Rfd1 Qc8 21. Bh3 Nd6 22. Rxd6 Rxd6 23. Nxd6 cxd6 24. Bxd7 Nxd7 25. Qxb5 Nf8 26. Qe2 Qxc3 27. a4 Ra8 28. Rd1 Ne6 29. Be3 Qc6 30. Qd3 Rxa4 31. Qxd6 Qxe4 32. Rc1 Qg4+ 33. Kf1 Qh3+ 34. Ke1 Qxh2 35. Rc8+ Kh7 36. Qd5 Ra1+ 37. Kd2 Qh1 38. Qxe5 Qd1+ 39. Kc3 Ra3+ 0-1

[Event "Reykjavik op"]
[Site "Reykjavik ISL"]
[Date "2019.04.13"]
[Round "6.47"]
[White "Cummings, David"]
[Black "Bejatovic, Bojana"]
[Result "1-0"]
[WhiteElo "2338"]
[BlackElo "2021"]
[PlyCount "67"]
[GameId "2130307610334274"]
[EventDate "2019.04.08"]
[EventType "swiss"]
[EventRounds "9"]
[EventCountry "ISL"]
[SourceTitle "The Week in Chess 1276"]
[Source "Mark Crowther"]
[SourceDate "2019.04.22"]
[SourceVersion "1"]
[SourceVersionDate "2019.04.22"]
[SourceQuality "2"]

1. c4 e5 2. Nc3 Nc6 3. Nf3 Nf6 4. e3 Bb4 5. Qc2 Bxc3 6. Qxc3 d6 7. b3 O-O 8. Bb2 Re8 9. d3 a5 10. Be2 Ne7 11. O-O c6 12. c5 Ned5 13. Qd2 e4 14. dxe4 Nxe4 15. Qd4 Nef6 16. cxd6 Qxd6 17. Rfd1 Bg4 18. Rac1 Re4 19. Qc5 Qxc5 20. Rxc5 a4 21. h3 Bh5 22. bxa4 Rexa4 23. a3 h6 24. g4 Bg6 25. Ne5 Bh7 26. Rcc1 Ne4 27. Bc4 R4a5 28. f3 Nd6 29. e4 Nxe4 30. fxe4 Bxe4 31. Rd4 Bh7 32. Rcd1 Re8 33. Bxd5 cxd5 34. Rxd5 1-0

[Event "Reykjavik op"]
[Site "Reykjavik ISL"]
[Date "2019.04.15"]
[Round "8.20"]
[White "Cummings, David"]
[Black "Praggnanandhaa, Rameshbabu"]
[Result "1/2-1/2"]
[WhiteElo "2338"]
[BlackElo "2537"]
[PlyCount "111"]
[GameId "2130307610338476"]
[EventDate "2019.04.08"]
[EventType "swiss"]
[EventRounds "9"]
[EventCountry "ISL"]
[SourceTitle "The Week in Chess 1276"]
[Source "Mark Crowther"]
[SourceDate "2019.04.22"]
[SourceVersion "1"]
[SourceVersionDate "2019.04.22"]
[SourceQuality "2"]

1. Nf3 Nf6 2. c4 b6 3. g3 Bb7 4. Bg2 g6 5. b3 Bg7 6. Bb2 O-O 7. O-O c5 8. Nc3 e6 9. e3 Qe7 10. Rc1 Rd8 11. d4 Na6 12. Qe2 d5 13. cxd5 exd5 14. a3 Nc7 15. Rfd1 Ne6 16. Ne5 Ne4 17. f4 Rac8 18. a4 cxd4 19. exd4 Nxc3 20. Bxc3 Qa3 21. Qb2 Bf8 22. Qb1 Bb4 23. Ba1 Rxc1 24. Rxc1 Bd2 25. Rd1 Be3+ 26. Kh1 Rc8 27. f5 Nxd4 28. fxg6 hxg6 29. Nxg6 Nxb3 30. Bf6 Rc1 31. Rxc1 Qxc1+ 32. Qxc1 Bxc1 33. Ne7+ Kh7 34. Nxd5 Nc5 35. a5 bxa5 36. Be7 Bxd5 37. Bxd5 Ne6 38. Bb3 Kg7 39. Kg2 Bd2 40. Bd6 Kf6 41. Bb8 Be3 42. Bd1 Bb6 43. Kf3 Ng5+ 44. Ke2 Kf5 45. Kd3 Ne6 46. Kc4 Ke4 47. h4 Kf5 48. Kd5 Kg6 49. Bc2+ Kh6 50. g4 Bf2 51. g5+ Kg7 52. g6 Bxh4 53. gxf7 Kxf7 54. Bxa7 Ke7 55. Bc5+ Nxc5 56. Kxc5 1/2-1/2

[Event "Wch Senior 50+"]
[Site "Bled SLO"]
[Date "2018.11.18"]
[Round "1.17"]
[White "Davis, Lee"]
[Black "Cummings, David"]
[Result "0-1"]
[WhiteElo "1948"]
[BlackElo "2331"]
[PlyCount "54"]
[GameId "2130307614020116"]
[EventDate "2018.11.18"]
[EventType "swiss"]
[EventRounds "11"]
[EventCountry "SLO"]
[SourceTitle "10 Days #562"]
[Source "ChessMix"]
[SourceDate "2018.12.01"]
[SourceVersion "1"]
[SourceVersionDate "2018.12.01"]
[SourceQuality "1"]

1. d4 d5 2. g3 Nf6 3. Bg2 e6 4. Nf3 b5 5. O-O Bb7 6. Bg5 Nbd7 7. Nbd2 Be7 8. c3 c5 9. dxc5 Nxc5 10. Nd4 a6 11. Kh1 O-O 12. f3 Qd7 13. Be3 e5 14. Nc2 Na4 15. Rb1 Rac8 16. Bg1 Rfd8 17. Nb3 h5 18. Qd3 g6 19. Rfd1 Qc7 20. Ne1 Kg7 21. Bh3 Rb8 22. Qe3 Bd6 23. Qg5 Re8 24. Ng2 Nh7 25. Qd2 Rbd8 26. Ne3 Be7 27. Ng2 Ng5 0-1

[Event "Wch Senior 50+"]
[Site "Bled SLO"]
[Date "2018.11.20"]
[Round "3.4"]
[White "Danielsen, Henrik"]
[Black "Cummings, David"]
[Result "1-0"]
[WhiteElo "2504"]
[BlackElo "2331"]
[PlyCount "139"]
[GameId "2130307614024292"]
[EventDate "2018.11.18"]
[EventType "swiss"]
[EventRounds "11"]
[EventCountry "SLO"]
[SourceTitle "10 Days #562"]
[Source "ChessMix"]
[SourceDate "2018.12.01"]
[SourceVersion "1"]
[SourceVersionDate "2018.12.01"]
[SourceQuality "1"]

1. e4 e5 2. Nf3 Nc6 3. g3 Nf6 4. d3 d5 5. exd5 Nxd5 6. Bg2 Be7 7. O-O O-O 8. Re1 f6 9. d4 exd4 10. Nxd4 Nxd4 11. Qxd4 Nb6 12. Qxd8 Rxd8 13. Nc3 Kf7 14. a4 c6 15. a5 Nc4 16. a6 Nd6 17. axb7 Bxb7 18. Ne4 Nxe4 19. Bxe4 Bc5 20. h4 g6 21. Bh6 Bb6 22. c3 Rac8 23. b4 Rc7 24. Be3 Bxe3 25. Rxe3 Bc8 26. Ra5 Be6 27. Rc5 Bd5 28. Rd3 Rcd7 29. Rd4 f5 30. Bg2 Ke6 31. f3 Ke7 32. Kf2 Rd6 33. Rd2 R8d7 34. Re2+ Kd8 35. Bf1 Kc7 36. Re8 Re6 37. Rxe6 Bxe6 38. Ke3 Kd6 39. Kf4 Bd5 40. Ra5 Re7 41. c4 Bf7 42. c5+ Kd5 43. Ra3 Rb7 44. Rd3+ Ke6 45. Rd4 Ke7 46. Ba6 Rb8 47. Ke5 Bd5 48. f4 Re8 49. Rd3 Kd7+ 50. Kf6 Kc7 51. Kg7 Re7+ 52. Kh6 Kb8 53. Rd2 Re3 54. Re2 Ra3 55. Re8+ Kc7 56. Re7+ Kd8 57. Rxa7 Bc4 58. Ra8+ Kc7 59. Rc8+ Kd7 60. Bb7 Bb5 61. Rh8 Rxg3 62. Rxh7+ Kd8 63. Rg7 Rg4 64. Rxg6 Rxh4+ 65. Kg5 Rg4+ 66. Kxf5 Rxg6 67. Kxg6 Kc7 68. Ba8 Kd7 69. Kf6 Bd3 70. f5 1-0

[Event "Wch Senior 50+"]
[Site "Bled SLO"]
[Date "2018.11.21"]
[Round "4.12"]
[White "Cummings, David"]
[Black "Biro, Sandor"]
[Result "1/2-1/2"]
[WhiteElo "2331"]
[BlackElo "2191"]
[PlyCount "46"]
[GameId "2130307614028437"]
[EventDate "2018.11.18"]
[EventType "swiss"]
[EventRounds "11"]
[EventCountry "SLO"]
[SourceTitle "10 Days #562"]
[Source "ChessMix"]
[SourceDate "2018.12.01"]
[SourceVersion "1"]
[SourceVersionDate "2018.12.01"]
[SourceQuality "1"]

1. Nf3 b5 2. e4 Bb7 3. Bxb5 Bxe4 4. d4 Nf6 5. c4 e6 6. Nc3 Bb7 7. O-O Be7 8. d5 O-O 9. Re1 c6 10. dxc6 Nxc6 11. Bg5 d6 12. Qe2 Rc8 13. Rad1 Na5 14. b3 a6 15. Ba4 Qc7 16. Bf4 Qc5 17. Be3 Qh5 18. Bb6 Nc6 19. h3 Qg6 20. Nh4 Qg5 21. Nf3 Qg6 22. Nh4 Qg5 23. Nf3 Qg6 1/2-1/2

[Event "Wch Senior 50+"]
[Site "Bled SLO"]
[Date "2018.11.26"]
[Round "8.7"]
[White "Cummings, David"]
[Black "Van der Werf, Mark"]
[Result "1/2-1/2"]
[WhiteElo "2331"]
[BlackElo "2402"]
[PlyCount "69"]
[GameId "2130307614036802"]
[EventDate "2018.11.18"]
[EventType "swiss"]
[EventRounds "11"]
[EventCountry "SLO"]
[SourceTitle "10 Days #562"]
[Source "ChessMix"]
[SourceDate "2018.12.01"]
[SourceVersion "1"]
[SourceVersionDate "2018.12.01"]
[SourceQuality "1"]

1. c4 e5 2. Nc3 Nf6 3. Nf3 Nc6 4. e3 Bb4 5. Qc2 d6 6. Ne2 a5 7. a3 Bc5 8. b3 e4 9. Ng5 Qe7 10. Nc3 Bf5 11. Bb2 h6 12. Nd5 Nxd5 13. cxd5 Qxg5 14. dxc6 bxc6 15. b4 axb4 16. axb4 Rxa1+ 17. Bxa1 Bb6 18. Qxc6+ Ke7 19. h4 Qg4 20. Rh3 Bd7 21. Rg3 Qxh4 22. Qc3 Rg8 23. Rxg7 Rxg7 24. Qxg7 Be6 25. g3 Qh1 26. Qf6+ Ke8 27. Qh4 Qxh4 28. gxh4 f5 29. Bg7 h5 30. Be2 Bf7 31. b5 Kd7 32. Bf6 d5 33. d4 c6 34. bxc6+ Kxc6 35. Kf1 1/2-1/2

[Event "Wch Senior 50+"]
[Site "Bled SLO"]
[Date "2018.11.28"]
[Round "10.3"]
[White "Cummings, David"]
[Black "Sturua, Zurab"]
[Result "0-1"]
[WhiteElo "2331"]
[BlackElo "2529"]
[PlyCount "104"]
[GameId "2130307614040985"]
[EventDate "2018.11.18"]
[EventType "swiss"]
[EventRounds "11"]
[EventCountry "SLO"]
[SourceTitle "10 Days #562"]
[Source "ChessMix"]
[SourceDate "2018.12.01"]
[SourceVersion "1"]
[SourceVersionDate "2018.12.01"]
[SourceQuality "1"]

1. c4 e5 2. Nc3 Nf6 3. Nf3 d6 4. d4 Nbd7 5. e4 Be7 6. Be2 O-O 7. O-O c6 8. Qc2 a6 9. Rd1 Qc7 10. Rb1 b5 11. b4 Re8 12. h3 Bb7 13. Be3 g6 14. dxe5 dxe5 15. Qb3 c5 16. cxb5 cxb4 17. Ng5 Rf8 18. Nd5 Bxd5 19. exd5 axb5 20. Rbc1 Qb8 21. Rc6 Ra3 22. Qc2 Bd6 23. h4 Re8 24. Bf3 e4 25. Nxe4 Nxe4 26. Bxe4 Ne5 27. Bc1 Ra4 28. Rxd6 Qxd6 29. Bf4 Ra6 30. Bg3 Qd7 31. Qb3 Qg4 32. Bxe5 Rxe5 33. f3 Qxh4 34. Rc1 Qe7 35. Qb2 Qa7+ 36. Kf1 Re8 37. Rc2 Qe7 38. Rc6 Rxc6 39. dxc6 Qd6 40. Qc1 Qe6 41. Qd2 Qc4+ 42. Kg1 Qc5+ 43. Kf1 Kg7 44. g4 h6 45. Kg2 Re5 46. Qd7 Qc3 47. Qd6 Rc5 48. Kh3 Qe5 49. Qd2 Rc3 50. Kg2 Rc4 51. Qd3 Qd4 52. Qe2 Rc1 0-1

[Event "Wch Senior 50+"]
[Site "Bled SLO"]
[Date "2018.11.29"]
[Round "11.10"]
[White "Mukanov, Saltanat"]
[Black "Cummings, David"]
[Result "1/2-1/2"]
[WhiteElo "2250"]
[BlackElo "2331"]
[PlyCount "71"]
[GameId "2130307614041036"]
[EventDate "2018.11.18"]
[EventType "swiss"]
[EventRounds "11"]
[EventCountry "SLO"]
[SourceTitle "10 Days #562"]
[Source "ChessMix"]
[SourceDate "2018.12.01"]
[SourceVersion "1"]
[SourceVersionDate "2018.12.01"]
[SourceQuality "1"]

1. e4 e5 2. f4 exf4 3. Nf3 Nf6 4. e5 Nh5 5. Qe2 Be7 6. d4 g6 7. Nc3 d5 8. exd6 cxd6 9. Qb5+ Bd7 10. Qxb7 Nc6 11. Bb5 Rb8 12. Qa6 Rb6 13. Qa4 Bh4+ 14. Kd1 a6 15. Bxa6 O-O 16. Bb5 Re8 17. Nd5 Rxb5 18. Qxb5 Ne7 19. Nxe7+ Qxe7 20. Qf1 Bf5 21. Bd2 Qe4 22. Qd3 Qe7 23. Qf1 Qe4 24. Rc1 Bg3 25. Rg1 Bxh2 26. Nxh2 Qxd4 27. Nf3 Bg4 28. c3 Qc5 29. Be1 Qd5+ 30. Bd2 Ng3 31. Qf2 Nf5 32. c4 Qd3 33. Rc3 Qb1+ 34. Rc1 Qd3 35. Rc3 Qb1+ 36. Rc1 1/2-1/2

[Event "PanAm Senior-ch 50+"]
[Site "Sao Paulo BRA"]
[Date "2014.12.17"]
[Round "1.1"]
[White "Cummings, David"]
[Black "Goncalves, Jose Antonio Silvei"]
[Result "1-0"]
[WhiteElo "2311"]
[BlackElo "2020"]
[PlyCount "53"]
[GameId "2130307663183639"]
[EventDate "2014.12.17"]
[EventType "swiss"]
[EventRounds "7"]
[EventCountry "BRA"]
[SourceTitle "10 Days #422"]
[Source "Chess Mix"]

1. d4 b6 2. e4 Bb7 3. Bd3 e6 4. Nf3 c5 5. c3 c4 6. Bc2 d5 7. e5 Nc6 8. Nbd2 f6 9. exf6 gxf6 10. Qe2 Qe7 11. b3 b5 12. Nf1 Bh6 13. Ne3 O-O-O 14. a4 a6 15. axb5 axb5 16. bxc4 bxc4 17. Ba3 Qg7 18. O-O Nge7 19. Rfb1 Rhg8 20. g3 Ng6 21. Ng2 Qd7 22. Rb6 Kc7 23. Rab1 Rb8 24. Ba4 Ba8 25. Qb2 Nge7 26. Bxe7 Qxe7 27. Bxc6 1-0

[Event "PanAm Senior-ch 50+"]
[Site "Sao Paulo BRA"]
[Date "2014.12.18"]
[Round "2.1"]
[White "Assumpcao, Roberto"]
[Black "Cummings, David"]
[Result "0-1"]
[WhiteElo "2218"]
[BlackElo "2311"]
[PlyCount "62"]
[GameId "2130307663183649"]
[EventDate "2014.12.17"]
[EventType "swiss"]
[EventRounds "7"]
[EventCountry "BRA"]
[SourceTitle "10 Days #422"]
[Source "Chess Mix"]

1. d4 d5 2. c4 e6 3. Nc3 Nf6 4. Bg5 Be7 5. e3 h6 6. Bh4 O-O 7. Nf3 b6 8. Bxf6 Bxf6 9. cxd5 exd5 10. Be2 Be6 11. Qa4 c6 12. O-O b5 13. Qc2 Nd7 14. a4 b4 15. Na2 Qb6 16. a5 Qb7 17. Qa4 Be7 18. Nd2 Rfc8 19. Rfc1 Rab8 20. Nb3 c5 21. dxc5 Nxc5 22. Nxc5 Bxc5 23. Bf3 Qe7 24. Qd1 Rd8 25. Qe2 d4 26. exd4 Rxd4 27. Qe5 Rc8 28. Qe2 Qg5 29. Rd1 Rxd1+ 30. Qxd1 Rd8 31. Qa4 Qd2 0-1

[Event "PanAm Senior-ch 50+"]
[Site "Sao Paulo BRA"]
[Date "2014.12.18"]
[Round "3.1"]
[White "Cummings, David"]
[Black "Brito, Luismar"]
[Result "1-0"]
[WhiteElo "2311"]
[BlackElo "2251"]
[PlyCount "97"]
[GameId "2130307663183661"]
[EventDate "2014.12.17"]
[EventType "swiss"]
[EventRounds "7"]
[EventCountry "BRA"]
[SourceTitle "10 Days #422"]
[Source "Chess Mix"]

1. d4 d5 2. c4 c6 3. Nc3 Nf6 4. e3 g6 5. Nf3 Bg7 6. Be2 a6 7. Bd2 O-O 8. O-O b5 9. cxd5 cxd5 10. Ne5 Be6 11. Nd3 Ne4 12. a4 Nxd2 13. Qxd2 bxa4 14. Rxa4 Bd7 15. Ra3 e6 16. Rfa1 Re8 17. Nc5 Bc8 18. Nxa6 Nxa6 19. Bxa6 Bxa6 20. Rxa6 Rxa6 21. Rxa6 Qc8 22. Ra5 Bf8 23. Rb5 Qa6 24. g3 Rc8 25. Qe2 h5 26. h4 Rc4 27. Kg2 Kg7 28. e4 Rxd4 29. exd5 exd5 30. Qe5+ Qf6 31. Qxf6+ Kxf6 32. Nxd5+ Kg7 33. Kf3 Rc4 34. Nc3 Bb4 35. Ne4 Be1 36. Rc5 Rd4 37. Rc7 Rd5 38. Ke2 Bb4 39. Rb7 Bf8 40. Ng5 Re5+ 41. Kd3 Rf5 42. f4 Kg8 43. b4 Rd5+ 44. Ke4 Rd2 45. Nxf7 Rb2 46. b5 Rb3 47. Ng5 Rxg3 48. Rb8 Rg1 49. Ne6 1-0

[Event "Reykjavik op"]
[Site "Reykjavik ISL"]
[Date "2012.03.13"]
[Round "9"]
[White "Cummings, David"]
[Black "Van Heirzeele, Daniel"]
[Result "1/2-1/2"]
[WhiteElo "2341"]
[BlackElo "2161"]
[PlyCount "63"]
[GameId "2130307700512823"]
[EventDate "2012.03.06"]
[EventType "swiss"]
[EventRounds "9"]
[EventCountry "ISL"]
[SourceTitle "CBM 147 Extra"]
[Source "ChessBase"]
[SourceDate "2012.04.24"]
[SourceVersion "1"]
[SourceVersionDate "2012.04.24"]
[SourceQuality "1"]

1. Nf3 c5 2. c4 Nc6 3. g3 e5 4. Nc3 g6 5. Bg2 Bg7 6. d3 Nge7 7. O-O O-O 8. Ne1 d6 9. Nc2 a6 10. a4 Be6 11. Ne3 Rb8 12. Ned5 b6 13. Rb1 Nb4 14. Nxb4 cxb4 15. Nd5 Nxd5 16. cxd5 Bd7 17. Be3 a5 18. b3 b5 19. axb5 Bxb5 20. Qd2 f5 21. Rfc1 Rf7 22. Bg5 Qf8 23. Qa2 f4 24. Bh3 Kh8 25. Be6 Ra7 26. gxf4 h6 27. Bh4 exf4 28. f3 Bd4+ 29. Bf2 Qf6 30. Bxd4 Qxd4+ 31. Kf1 Kg7 32. Qd2 1/2-1/2

[Event "Gibraltar Masters"]
[Site "Caleta ENG"]
[Date "2011.01.30"]
[Round "6.23"]
[White "Iordachescu, Viorel"]
[Black "Cummings, David"]
[Result "1-0"]
[WhiteElo "2634"]
[BlackElo "2366"]
[PlyCount "163"]
[GameId "2129405073118852"]
[EventDate "2011.01.25"]
[EventType "swiss"]
[EventRounds "10"]
[EventCountry "ENG"]
[SourceTitle "The Week in Chess 847"]
[Source "Mark Crowther"]
[SourceDate "2011.01.31"]
[SourceVersion "2"]
[SourceVersionDate "2011.01.31"]
[SourceQuality "2"]

1. e4 c5 2. Nf3 e6 3. d4 cxd4 4. Nxd4 a6 5. Bd3 Bc5 6. Nb3 Be7 7. Qg4 g6 8. Qe2 d6 9. a4 Nd7 10. a5 Ne5 11. Nc3 Nf6 12. Na4 O-O 13. O-O Bd7 14. Nb6 Rb8 15. Nd4 Nxd3 16. cxd3 Bc6 17. Bh6 Re8 18. Rfc1 Nd7 19. Rxc6 bxc6 20. Nxc6 Qc7 21. Nxb8 Rxb8 22. Be3 Bd8 23. g3 Qb7 24. Nxd7 Qxd7 25. Bd4 Rb5 26. Bc3 h5 27. Qe3 e5 28. d4 Bf6 29. dxe5 Bxe5 30. Rd1 Qc7 31. Rd5 Rb3 32. Rd3 Qc4 33. Kg2 h4 34. gxh4 Bxc3 35. bxc3 Rb1 36. h5 Re1 37. Qxe1 Qxd3 38. hxg6 fxg6 39. Qe3 Qb5 40. Qh6 Kf7 41. Qh7+ Kf6 42. Qh8+ Kf7 43. Qd8 Qc6 44. f3 Qb5 45. Qxd6 Qxa5 46. Qd7+ Kg8 47. Qe6+ Kh7 48. Qf7+ Kh6 49. Qf6 Kh7 50. h4 Qa2+ 51. Kg3 a5 52. Qe7+ Kg8 53. Qd8+ Kh7 54. e5 Qe2 55. Qxa5 Qe1+ 56. Kg4 Qg1+ 57. Kf4 Qh2+ 58. Ke3 Qg1+ 59. Ke4 Qb1+ 60. Kd4 Qd1+ 61. Kc4 Qe2+ 62. Kb4 Qxf3 63. Qa7+ Kh6 64. Qe7 Qe4+ 65. c4 Qb1+ 66. Kc5 Qg1+ 67. Kb5 Qb1+ 68. Kc5 Qg1+ 69. Kc6 Qg2+ 70. Kc7 Qa2 71. Qc5 Qa6 72. Qf8+ Kh7 73. Qe7+ Kh6 74. c5 Qa5+ 75. Kd7 Qa7+ 76. Kd6 Qb8+ 77. Qc7 Qf8+ 78. Qe7 Qb8+ 79. Kd7 Qb7+ 80. Ke8 Qc8+ 81. Kf7 Qf5+ 82. Kg8 1-0

[Event "Olympiad"]
[Site "Yerevan ARM"]
[Date "1996.09.17"]
[Round "2"]
[White "Tandala Campos, Eugenio"]
[Black "Cummings, David"]
[Result "0-1"]
[WhiteElo "2255"]
[BlackElo "2360"]
[PlyCount "94"]
[GameId "2129405178629359"]
[EventDate "1996.09.16"]
[EventType "team"]
[EventRounds "14"]
[EventCountry "ARM"]

1. d4 d5 2. c4 c6 3. cxd5 cxd5 4. Nc3 Nf6 5. Nf3 a6 6. g3 e6 7. Bg2 Be7 8. O-O O-O 9. Bf4 b5 10. Ne5 Bb7 11. Rc1 Nbd7 12. Qb3 Rc8 13. a3 Nxe5 14. Bxe5 Rc4 15. a4 Rb4 16. Qc2 Nd7 17. axb5 axb5 18. Bc7 Qa8 19. Qd2 Qa7 20. Rfd1 Bc6 21. Bf4 Nb6 22. Rc2 Nc4 23. Qc1 Rb3 24. Rd3 Na5 25. Qa1 Ra8 26. Qd1 b4 27. Nb1 Rxd3 28. Qxd3 b3 29. Rc1 Nc4 30. Nd2 Bb5 31. Qxb3 Qa6 32. e4 g5 33. Be3 Nxd2 34. Bxd2 Bc4 35. Qf3 dxe4 36. Qxe4 Bd5 37. Qg4 Bxg2 38. Kxg2 Qb7+ 39. Kg1 Qd5 40. h4 h6 41. hxg5 hxg5 42. Re1 Bf6 43. Bc3 Ra4 44. Rd1 Kg7 45. Qe2 Ra8 46. Qd2 Rh8 47. Kf1 Qf3 0-1

[Event "WLS-ch"]
[Site "Cardiff WLS"]
[Date "1995.??.??"]
[Round "2"]
[White "Cummings, David"]
[Black "Saunders, Walter"]
[Result "1-0"]
[WhiteElo "2375"]
[BlackElo "2120"]
[PlyCount "57"]
[GameId "2129405183890046"]
[EventDate "1995.04.14"]
[EventType "swiss"]
[EventRounds "6"]
[EventCountry "WLS"]

1. d4 Nf6 2. c4 e6 3. Nf3 b6 4. g3 Ba6 5. b3 d5 6. Bg2 c6 7. O-O Be7 8. Ne5 O-O 9. Bb2 Qc7 10. Nd2 Nbd7 11. Rc1 c5 12. Nxd7 Qxd7 13. dxc5 bxc5 14. cxd5 Nxd5 15. Nc4 Rfd8 16. Qd2 Rac8 17. Rfd1 Qb5 18. Qc2 Qe8 19. Be5 f6 20. Bb2 Nc7 21. Na5 Rxd1+ 22. Rxd1 Rd8 23. Rxd8 Qxd8 24. Nc6 Qe8 25. Ba3 Bf8 26. Bxc5 Bxc5 27. Qxc5 Bxe2 28. Nd4 Na6 29. Qd6 1-0

[Event "Jelenia Gora U26"]
[Site "Jelenia Gora POL"]
[Date "1980.??.??"]
[Round "5"]
[White "Twardon, Marian"]
[Black "Cummings, David"]
[Result "1/2-1/2"]
[WhiteElo "2325"]
[BlackElo "2280"]
[PlyCount "45"]
[GameId "2129405212908908"]
[EventDate "1980.06.16"]
[EventType "tourn"]
[EventRounds "13"]
[EventCountry "POL"]
[SourceTitle "EXT 2003"]
[Source "ChessBase"]
[SourceDate "2002.11.25"]
[SourceVersion "1"]
[SourceVersionDate "2002.11.25"]
[SourceQuality "1"]

1. c4 c5 2. Nc3 Nf6 3. Nf3 b6 4. g3 Bb7 5. Bg2 e6 6. O-O Be7 7. d4 cxd4 8. Qxd4 d6 9. b3 O-O 10. Ba3 Na6 11. Rad1 Nc5 12. Bb2 a6 13. Rfe1 Qc7 14. e4 Rac8 15. Nd2 Qb8 16. b4 Ncd7 17. a3 Rfd8 18. Bf1 Ne8 19. Qe3 Bf6 20. Rc1 Ba8 21. Ba1 Nc7 22. Nf3 h6 23. Red1 1/2-1/2

[Event "Jelenia Gora U26"]
[Site "Jelenia Gora POL"]
[Date "1980.??.??"]
[Round "7"]
[White "Lalic, Nedim"]
[Black "Cummings, David"]
[Result "0-1"]
[WhiteElo "2245"]
[BlackElo "2280"]
[PlyCount "114"]
[GameId "2129405212908920"]
[EventDate "1980.06.16"]
[EventType "tourn"]
[EventRounds "13"]
[EventCountry "POL"]
[SourceTitle "EXT 2003"]
[Source "ChessBase"]
[SourceDate "2002.11.25"]
[SourceVersion "1"]
[SourceVersionDate "2002.11.25"]
[SourceQuality "1"]

1. e4 c5 2. Nf3 e6 3. d4 cxd4 4. Nxd4 Nc6 5. Nc3 a6 6. Be2 Qc7 7. O-O Nf6 8. Kh1 Bb4 9. Nxc6 bxc6 10. Qd4 c5 11. Qd3 Bb7 12. Bg5 c4 13. Qd4 e5 14. Qxc4 Qxc4 15. Bxc4 Bxc3 16. Bxf6 Bxb2 17. Bxg7 Rg8 18. Rab1 Rxg7 19. Bd3 f5 20. f3 d5 21. Rxb2 dxe4 22. fxe4 Bxe4 23. Bxe4 fxe4 24. h3 O-O-O 25. Rfb1 Rgd7 26. Rb8+ Kc7 27. Rxd8 Rxd8 28. Rb4 Kd6 29. Rxe4 Kd5 30. Re2 Rc8 31. Kg1 e4 32. Kf2 Rc3 33. Ke1 e3 34. Kd1 Ke4 35. Kc1 Rc7 36. Kd1 h5 37. c4 Rxc4 38. Rb2 Rd4+ 39. Ke2 h4 40. Rb6 Rd2+ 41. Kf1 Rf2+ 42. Ke1 Rxa2 43. Re6+ Kf4 44. Rf6+ Kg3 45. Rf3+ Kxg2 46. Rxe3 a5 47. Kd1 Ra1+ 48. Kc2 Rh1 49. Ra3 Rxh3 50. Ra4 Rh1 51. Rxa5 h3 52. Rg5+ Kh2 53. Kd2 Rg1 54. Ra5 Kg2 55. Rg5+ Kh1 56. Rh5 h2 57. Ke2 Kg2 0-1

[Event "Jelenia Gora U26"]
[Site "Jelenia Gora POL"]
[Date "1980.??.??"]
[Round "8"]
[White "Cummings, David"]
[Black "Paehtz, Thomas Sr"]
[Result "1/2-1/2"]
[WhiteElo "2280"]
[BlackElo "2380"]
[PlyCount "20"]
[GameId "2129405212908925"]
[EventDate "1980.06.16"]
[EventType "tourn"]
[EventRounds "13"]
[EventCountry "POL"]
[SourceTitle "EXT 2003"]
[Source "ChessBase"]
[SourceDate "2002.11.25"]
[SourceVersion "1"]
[SourceVersionDate "2002.11.25"]
[SourceQuality "1"]

1. c4 Nf6 2. Nc3 g6 3. e4 d6 4. d4 Bg7 5. Nf3 O-O 6. Be2 e5 7. dxe5 dxe5 8. Qxd8 Rxd8 9. Bg5 Re8 10. O-O-O Na6 1/2-1/2

[Event "Jelenia Gora U26"]
[Site "Jelenia Gora POL"]
[Date "1980.??.??"]
[Round "11"]
[White "Stefanov, Parik"]
[Black "Cummings, David"]
[Result "1/2-1/2"]
[WhiteElo "2345"]
[BlackElo "2280"]
[PlyCount "23"]
[GameId "2129405212908950"]
[EventDate "1980.06.16"]
[EventType "tourn"]
[EventRounds "13"]
[EventCountry "POL"]
[SourceTitle "EXT 2003"]
[Source "ChessBase"]
[SourceDate "2002.11.25"]
[SourceVersion "1"]
[SourceVersionDate "2002.11.25"]
[SourceQuality "1"]

1. d4 Nf6 2. c4 e6 3. Nc3 Bb4 4. e3 c5 5. Bd3 Nc6 6. Nge2 d5 7. O-O dxc4 8. Bxc4 O-O 9. a3 Bxc3 10. bxc3 Qc7 11. Bb2 Rd8 12. Bd3 1/2-1/2